Modern and profitable agriculture (Record no. 520144)

000 -LEADER
fixed length control field 01115nam a22001457a 4500
008 - FIXED-LENGTH DATA ELEMENTS--GENERAL INFORMATION
fixed length control field 220704b ||||| |||| 00| 0 eng d
100 ## - MAIN ENTRY--PERSONAL NAME
Personal name Saxena, Jagdeep
245 ## - TITLE STATEMENT
Title Modern and profitable agriculture
260 ## - PUBLICATION, DISTRIBUTION, ETC. (IMPRINT)
Place of publication, distribution, etc Yojana
300 ## - PHYSICAL DESCRIPTION
Extent 66(3), Mar, 2022: p.51-54
520 ## - SUMMARY, ETC.
Summary, etc In India, agriculture is the foremost sector that remained positive and robust amid an unprecedented crisis of the pandemic . it maintained a seamless supply chain of essential food items across the country and also successfully met the increased global food demands. Backed by good monsoon and timely interventions by the government the agriculture sector registered a growth of 3.6 per cent in 2020.21, which improved to 3.9 per cent in 2021-22. As the largest employer of workforce, the sector contributed a sizeable 18.85 per cent in (2021-22 in grass value added (GVA) of the country. Simultaneous buoyant growth in allied sector, namely animal husbandry, dairying, and fisheries also helped the agriculture sector perform well. – Reproduced


773 ## - HOST ITEM ENTRY
Main entry heading Yojana
906 ## - LOCAL DATA ELEMENT F, LDF (RLIN)
Subject DIP AGRICULTURE
942 ## - ADDED ENTRY ELEMENTS (KOHA)
Item type Articles
Holdings
Withdrawn status Lost status Source of classification or shelving scheme Damaged status Not for loan Permanent location Current location Date acquired Serial Enumeration / chronology Barcode Date last seen Koha item type
          Indian Institute of Public Administration Indian Institute of Public Administration 2022-07-04 66(3), Mar, 2022: p.51-54 AR126808 2022-07-04 Articles

Powered by Koha